| 000 | 00582nam a22001937a 4500 | ||
|---|---|---|---|
| 005 | 20251108172102.0 | ||
| 008 | 250721s1975 xx 000 0 ara d | ||
| 082 | 1 | 4 | _a218.5/عبد |
| 100 | 1 | _aالخطيب، عبد الكريم | |
| 245 | 1 | 0 |
_aالله و الإنسان : _bقضية الألوهية بين الفلسفة و الدين / |
| 250 | _aط3 | ||
| 264 | 1 |
_aبيروت : _bدار المعرفة للنشر، _c1975. |
|
| 300 | _a501ص | ||
| 650 | 1 | 7 | _aالموت |
| 650 | 1 | 7 | _aالروح |
| 650 | 1 | 7 | _aاليوم الآخر |
| 942 |
_2ddc _cBK |
||
| 999 |
_c70074 _d70074 |
||